Normal view
MARC view
Entry Personal Name
001 - CONTROL NUMBER
- control field: 38513
003 - CONTROL NUMBER IDENTIFIER
- control field: dpl
005 - DATE AND TIME OF LATEST TRANSACTION
- control field: 20120106122151.0
008 - FIXED-LENGTH DATA ELEMENTS
- fixed length control field: 120106|||a|||||| | ||| d
040 ## - CATALOGING SOURCE
- Original cataloging agency: dpl
- Transcribing agency: dpl
100 ## - HEADING--PERSONAL NAME
- Personal name: सरस्वती कुमार 'दीपक'
670 ## - SOURCE DATA FOUND
- Source citation: Work cat.: (dpl): सरस्वती कुमार 'दीपक', गुड़ियों का देश /, 2011
670 ## - SOURCE DATA FOUND
- Source citation: Work cat.: (dpl): सरस्वती कुमार 'दीपक', गुड़ियों का देश /, 2011
